| 000 | 00430nam a22001457a 4500 | ||
|---|---|---|---|
| 999 |
_c60678 _d60678 |
||
| 005 | 20231006104440.0 | ||
| 008 | 231006s1968 enk||||| |||| 00| 0 eng d | ||
| 041 | _aeng | ||
| 080 | _a902 W-31 | ||
| 245 | _aWaterworks in the Athenian Agora. | ||
| 264 |
_aAthens, _c1968. |
||
| 300 |
_a32 p.: _bill. ; _c22 cm. |
||
| 653 | _aწყალგაყვანილობა ათენის აგორაში | ||
| 942 |
_2udc _cBK |
||